[Event "Gibraltar Open"]
[Site "Caleta ENG"]
[Date "2012.01.27"]
[Round "4.23"]
[White "Negi,P"]
[Black "Zhukova,N"]
[Result "1-0"]
[WhiteElo "2641"]
[BlackElo "2426"]

1.e4 e6 2.d4 d5 3.Nc3 Nf6 4.e5 Nfd7 5.f4 c5 6.Nf3 Nc6 7.Be3 cxd4 8.Nxd4 Bc5
9.Qd2 O-O 10.O-O-O a6 11.Kb1 Nxd4 12.Bxd4 b5 13.Ne2 a5 14.f5 exf5 15.Nc3 b4
16.Nxd5 Bb7 17.Bc4 Re8 18.Bxc5 Nxc5 19.Qf2 Nd7 20.Nf6+ gxf6 21.Bxf7+ Kxf7
22.Qxf5 Nf8 23.Rxd8 Raxd8 24.Qh5+ Kg8 25.exf6 Bd5 26.Qg5+ Ng6 27.h4 Be4 28.h5 Rc8
29.hxg6 Bxc2+ 30.Ka1 Bxg6 31.Qxa5 b3 32.Qd5+ Bf7 33.Qg5+ Bg6 34.f7+ Kxf7
35.Qd5+ Kg7 36.Qxb3 Rc2 37.a4 Rec8 38.Qe3 R8c4 39.Qe7+ Kg8 40.Qd8+ Kg7 41.Qd7+ Kg8
42.Rf1 Re4 43.Qd8+ Re8 44.Qd5+ Kg7 45.a5 Rce2 46.Rc1 Bf7 47.Qg5+ Kh8 48.a6 R2e5
49.Qf6+ Kg8 50.b4 Re3 51.Qg5+ Kh8 52.Qa5  1-0

[Event "Gibraltar Open"]
[Site "Caleta ENG"]
[Date "2012.01.28"]
[Round "5.14"]
[White "Duport,N SUI"]
[Black "Negi,P"]
[Result "0-1"]
[WhiteElo "2200"]
[BlackElo "2641"]

1.d4 d5 2.c4 e6 3.Nc3 c6 4.cxd5 exd5 5.Nf3 Bd6 6.Bg5 Ne7 7.e3 Bf5 8.Bd3 Bxd3
9.Qxd3 Qd7 10.Bh4 Nf5 11.Bg3 O-O 12.O-O Nxg3 13.hxg3 Qe7 14.e4 dxe4 15.Nxe4 Na6
16.Rfe1 Qd8 17.a3 Nc7 18.b4 h6 19.Rad1 Re8 20.Nc5 Rxe1+ 21.Rxe1 Bxc5 22.bxc5 Nd5
23.Ne5 Qe7 24.Rb1 Rd8 25.Qb3 f6 26.Ng6 Qe4 27.Nf4 Kh7 28.Nxd5 Rxd5 29.Qxb7 Rxd4
30.Rc1 a5 31.Qb3 a4 32.Qc3 Qd5 33.Qc2+ f5 34.Qc3 Kg6 35.Qe3 Rd3 36.Qf4 Qe4
37.Qxe4 fxe4 38.Rc4 Rxa3 39.Rxe4 Kf5 40.f3 Ra1+ 41.Kf2 a3 42.g4+ Kf6 43.Kg3 a2
44.Ra4 Ke5 45.f4+ Kd5 46.f5 Kxc5 47.g5 hxg5 48.Kg4 Kb5 49.Ra8 c5 50.Kxg5 c4
51.Kg6 c3  0-1

[Event "Gibraltar Open"]
[Site "Caleta ENG"]
[Date "2012.01.29"]
[Round "6.9"]
[White "Negi,P"]
[Black "Rapport,R"]
[Result "1-0"]
[WhiteElo "2641"]
[BlackElo "2543"]

1.e4 c6 2.d4 d5 3.Nd2 dxe4 4.Nxe4 Nf6 5.Nxf6+ gxf6 6.Be3 Qb6 7.Bd3 Qxb2 8.Ne2 Qb4+
9.c3 Qa5 10.O-O Bf5 11.Qb1 Bxd3 12.Qxb7 Bg7 13.Qxa8 O-O 14.Rfb1 Bxb1 15.Rxb1 Nd7
16.Qxc6 Qxa2 17.Rc1 Nb6 18.Nf4 Bh6 19.Qb7 Re8 20.h3 Bg5 21.c4 Rc8 22.h4 Bxf4
23.Bxf4 Qe2 24.Bh6 f5 25.d5 Qg4 26.Qd7 Ra8 27.Qc6  1-0

[Event "Gibraltar Open"]
[Site "Caleta ENG"]
[Date "2012.01.31"]
[Round "8.5"]
[White "Negi,P"]
[Black "Sasikiran,K"]
[Result "1/2-1/2"]
[WhiteElo "2641"]
[BlackElo "2700"]

1.e4 e5 2.Nf3 Nc6 3.Bb5 a6 4.Ba4 Nf6 5.O-O Be7 6.Re1 b5 7.Bb3 d6 8.c3 O-O
9.h3 Nb8 10.d4 Nbd7 11.Nbd2 Bb7 12.Bc2 Re8 13.Nf1 Bf8 14.Bg5 h6 15.Bh4 g6
16.dxe5 dxe5 17.N1h2 Qc8 18.Nd2 c5 19.c4 Re6 20.a4 Rd6 21.cxb5 axb5 22.Qe2 bxa4
23.Nc4 Re6 24.Qd1 Nb6 25.Nxb6 Rxb6 26.Bxf6 Rxf6 27.Rxa4 Rxa4 28.Bxa4 c4 29.Ng4 Rd6
30.Qf3 Bg7 31.Rc1 h5 32.Ne3 Rd4 33.Bc2 Qc5 34.Nd5 Bxd5 35.exd5 Qb4 36.Qc3 Qb5
37.d6 e4 38.Qa3 Qd5 39.Re1 f5 40.Ba4 Bf8 41.Qg3 Qxd6 42.Qxd6 Rxd6 43.Bb5 Rd4
44.Kf1 Bb4 45.Rc1 Kg7 46.Bxc4 Rd2 47.b3 h4 48.Be2 Rb2 49.Bd1 Kh6 50.Rc4 Ba5
51.Bc2 Ra2 52.f3 Ra1+ 53.Kf2 Bb6+ 54.Ke2 exf3+ 55.gxf3 Kh5 56.Bd1 Ra2+ 57.Rc2 Ra7
58.Rc6 Re7+ 59.Kf1 Bc7 60.b4 Kg5 61.b5 Bg3 62.Be2 Re3 63.Ra6 Rb3 64.Re6 Bc7
65.Kg2 Rb2 66.Kf2 Bg3+ 67.Kf1 Bb8 68.Ra6 Be5 69.Bc4 Bd4 70.f4+ Kxf4 71.Rxg6 Rh2
72.Rd6 Be3 73.b6 Rf2+ 74.Ke1 Rb2 75.Rd5 Kf3 76.Rxf5+ Bf4 77.Rb5 Rxb5  1/2-1/2

[Event "Gibraltar Open"]
[Site "Caleta ENG"]
[Date "2012.02.02"]
[Round "10.6"]
[White "Negi,P"]
[Black "Le Quang Liem"]
[Result "1/2-1/2"]
[WhiteElo "2641"]
[BlackElo "2714"]

1.e4 c5 2.Nf3 d6 3.d4 cxd4 4.Nxd4 Nf6 5.Nc3 a6 6.Bg5 Nbd7 7.Bc4 Qb6 8.Qd2 Qxb2
9.Rb1 Qa3 10.O-O e6 11.Bd5 Nc5 12.Rfe1 Qa5 13.Nb3 Nxb3 14.Rxb3 Nxd5 15.exd5 e5
16.Be3 b5 17.a4 Bd7 18.axb5 axb5 19.Nxb5 Bxb5 20.Qxa5 Rxa5 21.Bd2 Ra2 22.Rxb5 Be7
23.f4 O-O 24.Bb4 Rxc2 25.Rb7 Rb2 26.Rxe7 Rxb4 27.fxe5 Rb6 28.e6 Rb5 29.Rd7 fxe6
30.dxe6 Re5 31.Rxe5 dxe5 32.Rd5 Re8 33.Rxe5 Kf8 34.Kf2 Ke7  1/2-1/2

[Event "28th Cappelle Open"]
[Site "Cappelle la Grande FRA"]
[Date "2012.03.04"]
[Round "2.55"]
[White "Cieza,A"]
[Black "Negi,P"]
[Result "0-1"]
[WhiteElo "2195"]
[BlackElo "2639"]

1.b3 e5 2.Bb2 Nc6 3.e3 Nf6 4.Bb5 Bd6 5.Ne2 O-O 6.Ng3 Ne7 7.Nc3 c6 8.Be2 Bc7
9.d4 d5 10.dxe5 Bxe5 11.O-O Nf5 12.Na4 Qe7 13.Bxe5 Qxe5 14.Nc5 Nxe3 15.fxe3 Qxe3+
16.Kh1 Qxc5 17.Rxf6 gxf6 18.Bd3 Qc3 19.Rb1 f5 20.Qh5 Bd7 21.Rf1 Rae8 22.h3 Kh8
23.Kh2 Qe5 24.Qh4 Rg8 25.Rf2 Qd6 26.Rf4 Rg7 27.Bxf5 Reg8 28.Kh1 Bxf5 29.Nxf5 Rxg2
30.Qxh7+ Kxh7 31.Rh4+ Kg6 32.Nxd6  0-1

[Event "28th Cappelle Open"]
[Site "Cappelle la Grande FRA"]
[Date "2012.03.05"]
[Round "3.35"]
[White "Negi,P"]
[Black "Abrahamyan,T"]
[Result "1-0"]
[WhiteElo "2639"]
[BlackElo "2322"]

1.e4 e6 2.d4 d5 3.Nc3 Bb4 4.e5 Ne7 5.a3 Bxc3+ 6.bxc3 c5 7.Qg4 O-O 8.Bd3 Nbc6
9.Qh5 Ng6 10.Nf3 Qc7 11.Be3 c4 12.Bxg6 fxg6 13.Qg4 Qf7 14.Ng5 Qe8 15.h4 h6
16.Nh3 Ne7 17.Qe2 Bd7 18.h5 g5 19.g4 b5 20.f4 gxf4 21.Nxf4 a5 22.Qg2 Kh7
23.Ke2 b4 24.g5 Rg8 25.Bd2 b3 26.Rab1 b2 27.gxh6 gxh6 28.Ng6  1-0

[Event "14th Dubai Open 2012"]
[Site "Dubai UAE"]
[Date "2012.04.15"]
[Round "1.9"]
[White "Negi,P"]
[Black "Ayyad,M"]
[Result "1-0"]
[WhiteElo "2639"]
[BlackElo "2162"]

1.e4 c5 2.Nf3 e6 3.Nc3 a6 4.d4 cxd4 5.Nxd4 Qc7 6.Bd3 Nc6 7.Nxc6 bxc6 8.O-O e5
9.f4 Nf6 10.Kh1 Bd6 11.f5 Be7 12.Qf3 Bb7 13.Bg5 Rd8 14.Bc4 O-O 15.Rad1 d6
16.Bb3 Ne8 17.h4 h6 18.Qh5 Bf6 19.Rd3 Qe7 20.Bc1 Kh7 21.g4  1-0

[Event "14th Dubai Open 2012"]
[Site "Dubai UAE"]
[Date "2012.04.16"]
[Round "2.8"]
[White "Labib,I"]
[Black "Negi,P"]
[Result "1/2-1/2"]
[WhiteElo "2404"]
[BlackElo "2639"]

1.e4 c5 2.Nf3 e6 3.b3 a6 4.Bb2 b5 5.Bd3 Bb7 6.O-O d6 7.Re1 Nf6 8.c3 Nc6 9.Bc2 Rc8
10.a4 b4 11.d4 bxc3 12.Bxc3 cxd4 13.Nxd4 Qc7 14.Nxc6 Qxc6 15.b4 Be7 16.b5 axb5
17.axb5 Qc5 18.Bd3 d5 19.Ra4 dxe4 20.Rc4 Qf5 21.Rxc8+ Bxc8 22.Bxf6 exd3 23.Qc1 Bc5
24.Bd4 Bxd4 25.Qxc8+ Ke7 26.Qc7+ Kf6 27.Rf1 Be5 28.Qc4 Qf4 29.Qxf4+ Bxf4
30.g3 Bc7 31.Nd2 Rd8 32.Rb1 Ke5 33.b6 Bb8 34.Kg2 Kd5 35.Kf3 Kc6 36.Ke3 Bd6
37.Nc4 Bc5+ 38.Kd2 Bxf2 39.Rf1 Bxb6 40.Rxf7 Bc7 41.Rxg7 e5 42.Re7 Rd5 43.g4 h6
44.h4 Rd4 45.Nxe5+ Kd6 46.Re8 Ba5+ 47.Kd1 d2 48.Nf3 Rd3 49.Rf8 Ke7 50.Rf5 Bc3
51.g5 hxg5 52.hxg5 Ke6 53.Rf4  1/2-1/2

[Event "14th Dubai Open 2012"]
[Site "Dubai UAE"]
[Date "2012.04.17"]
[Round "3.18"]
[White "Negi,P"]
[Black "Ankit,R"]
[Result "1/2-1/2"]
[WhiteElo "2639"]
[BlackElo "2399"]

1.e4 c6 2.d4 d5 3.e5 Bf5 4.Nf3 e6 5.Be2 c5 6.Be3 cxd4 7.Nxd4 Ne7 8.Nd2 Nbc6
9.N2f3 Be4 10.O-O Ng6 11.Nxc6 bxc6 12.Ng5 Be7 13.Nxe4 dxe4 14.Qd4 Qd5 15.Qc3 O-O
16.g3 Rfd8 17.Rfd1 Qxe5 18.Bd4 Qf5 19.Bxg7 c5 20.Bh6 Bf6 21.Qe1 Bxb2 22.Rxd8+ Rxd8
23.Rd1 Rxd1 24.Bxd1 Bg7 25.Be3 Bd4 26.c3 Bxe3 27.Qxe3 Ne5 28.g4 Nf3+ 29.Bxf3 Qxf3
30.Qg5+ Kh8 31.Qd8+ Kg7 32.Qg5+  1/2-1/2

[Event "14th Dubai Open 2012"]
[Site "Dubai UAE"]
[Date "2012.04.18"]
[Round "4.18"]
[White "Sergeyeva,M"]
[Black "Negi,P"]
[Result "0-1"]
[WhiteElo "2327"]
[BlackElo "2639"]

1.e4 c5 2.Nf3 d6 3.d4 cxd4 4.Nxd4 Nf6 5.Nc3 a6 6.Bg5 Nbd7 7.f4 Qc7 8.Qf3 b5
9.e5 Bb7 10.exd6 Qb6 11.Qe3 e6 12.f5 e5 13.O-O-O Bxd6 14.Bxf6 Nxf6 15.Ncxb5 Bb8
16.Na3 O-O 17.Qb3 Qc7 18.Nf3 Ng4 19.Bc4 Ba7 20.Rhe1 Rab8 21.Ng5 h6 22.Qg3 Be3+
23.Kb1 Bxg5 24.Qxg4 e4 25.Bb3 Bf6 26.Nc4 Rbd8 27.Qg3 Qc5 28.Qe3 Qxf5 29.Qb6 Qb5
30.Qxb5 axb5 31.Nd6 Bc6 32.c3 Bg5 33.Nxe4 Rxd1+ 34.Bxd1 Re8 35.Bc2 f5 36.h4 Bd8
37.Rf1 fxe4 38.Bb3+ Kh8 39.Bf7 Rf8  0-1

[Event "14th Dubai Open 2012"]
[Site "Dubai UAE"]
[Date "2012.04.19"]
[Round "5.7"]
[White "Negi,P"]
[Black "Shyam,SM"]
[Result "1-0"]
[WhiteElo "2639"]
[BlackElo "2474"]

1.e4 e5 2.Nf3 Nc6 3.Bb5 Nf6 4.O-O Nxe4 5.Re1 Nd6 6.Nxe5 Be7 7.Bf1 O-O 8.d4 Nf5
9.Nf3 d5 10.h3 Re8 11.c3 Bf6 12.Rxe8+ Qxe8 13.Bd3 Nd8 14.Bf4 c6 15.Nbd2 Ne7
16.Qe2 Ne6 17.Bh2 Ng6 18.Re1 Qd8 19.Bb1 Be7 20.Qd3 Bd6 21.Ne5 Ngf8 22.Nf1 f6
23.Ng4 Bxh2+ 24.Kxh2 Qd6+ 25.Kg1 h5 26.Nge3 Nf4 27.Qd1 g6 28.h4 N4e6 29.c4 Nc7
30.cxd5 cxd5 31.Qb3 f5 32.Nd2 b6 33.Nf3 Bd7 34.Ne5 Re8 35.Rc1 f4 36.Nd1 Nce6
37.Nf3 Kg7 38.Nc3 Bc6 39.a4 Nh7 40.Qc2 Nhf8 41.Qd3 Re7 42.Ba2 Nc7 43.Ne5 Be8
44.Nb5 Nxb5 45.axb5 Qb4 46.Bxd5 Qxb5 47.Qe4 Qxb2 48.Qxf4 Qa3 49.Rc8 Qa4 50.Kh2  1-0

[Event "14th Dubai Open 2012"]
[Site "Dubai UAE"]
[Date "2012.04.21"]
[Round "6.6"]
[White "Pantsulaia,L"]
[Black "Negi,P"]
[Result "0-1"]
[WhiteElo "2595"]
[BlackElo "2639"]

1.Nf3 Nf6 2.c4 g6 3.g3 Bg7 4.Bg2 d5 5.cxd5 Nxd5 6.d4 Nb6 7.Nc3 Nc6 8.e3 O-O
9.O-O Re8 10.Re1 a5 11.Qe2 e5 12.Nxe5 Nxe5 13.dxe5 Bxe5 14.e4 Be6 15.f4 Bxc3
16.bxc3 Bd5 17.Qf2 Bc6 18.Ba3 Nc4 19.Rad1 Qf6 20.Bc5 Rad8 21.Rd4 Rxd4 22.Bxd4 Qe6
23.f5 gxf5 24.Bh3 Nd6 25.Qf4 f6 26.Re3 Bxe4 27.g4 Kf7 28.Qh6 Rg8 29.Qxh7+ Rg7
30.Qh5+ Kg8 31.Qh6 fxg4 32.Bf1 Nf5 33.Rxe4 Qxe4 34.Bc4+ Kf8 35.Qxf6+ Ke8
36.Bf2 g3 37.Bxg3 Ne3 38.Qe6+ Qxe6 39.Bxe6 Nd1 40.Kf1 Nxc3 41.a3 Ne4 42.Be1 b6
43.h4 Ng3+ 44.Kf2 Nf5 45.h5 Rg5 46.h6 Nxh6 47.Bd2 Rg6  0-1

[Event "14th Dubai Open 2012"]
[Site "Dubai UAE"]
[Date "2012.04.21"]
[Round "7.3"]
[White "Negi,P"]
[Black "Ni Hua"]
[Result "1/2-1/2"]
[WhiteElo "2639"]
[BlackElo "2637"]

1.e4 e5 2.Nf3 Nc6 3.Bb5 Nf6 4.O-O Nxe4 5.Re1 Nd6 6.Nxe5 Be7 7.Bf1 Nxe5 8.Rxe5 O-O
9.Nc3 Bf6 10.Re1 Nf5 11.Nd5 d6 12.Nxf6+ Qxf6 13.c3 Bd7 14.d4 Rfe8 15.Bd2 Rxe1
16.Bxe1 Nh4 17.Qb3 b6 18.Qd5 c6 19.Qh5 Re8 20.Bd2 h6 21.Re1 Rxe1 22.Bxe1 Ng6
23.Qe2 Qe6 24.b3 Qxe2 25.Bxe2 Nf4 26.Bf3 d5 27.Bd2 Ne6 28.h4 g5 29.g3 f6
30.Kf1 Ng7 31.hxg5 hxg5 32.Ke2 Nf5 33.Bc1 Kf7 34.Ba3 Nh6 35.Bh5+ Kg7 36.Kf3 f5
37.Be7 Nf7 38.a4 Be6 39.Bxf7 g4+ 40.Kf4 Kxf7 41.Bd6 Ke8 42.Ke5 Kd7 43.Bb8 a6
44.b4 b5 45.a5 Bf7 46.Kf6 Be6 47.Bf4 Bg8 48.Kg7 Be6 49.Kf8 Kd8 50.Bh6 Kd7
51.Bg5 c5 52.dxc5 Kc6 53.Ke7 Bc8 54.Kd8 Be6 55.Bf4 Bd7 56.Be5 Be6 57.Ke7 Bc8
58.Kf6 Bd7 59.Ke7 Bc8  1/2-1/2

[Event "14th Dubai Open 2012"]
[Site "Dubai UAE"]
[Date "2012.04.22"]
[Round "8.3"]
[White "Sandipan,C"]
[Black "Negi,P"]
[Result "1-0"]
[WhiteElo "2595"]
[BlackElo "2639"]

1.d4 Nf6 2.Nf3 g6 3.Nbd2 Bg7 4.e4 O-O 5.e5 Nh5 6.g4 Nf4 7.Ne4 Nd5 8.c4 Nb4
9.Qb3 d5 10.Neg5 c5 11.dxc5 N8c6 12.Bd2 a5 13.cxd5 a4 14.Qc4 Qxd5 15.Qxd5 Nxd5
16.h3 a3 17.Bc4 axb2 18.Rb1 Rd8 19.Rxb2 h6 20.Ne4 Ra4 21.Rc2 Ndb4 22.Bxb4 Rxb4
23.Ned2 Nxe5 24.Nxe5 Bxe5 25.Nb3 h5 26.f3 Bd7 27.Kf2 hxg4 28.hxg4 Bc6 29.Re1 Bf6
30.Kg3 Ra4 31.f4 e6 32.Ree2 Rd1 33.g5 Be7 34.Kf2 Rh1 35.Red2 Kg7 36.Ke3 Rh3+
37.Ke2 e5 38.Bd5 Bb5+ 39.Ke1 Rxf4 40.Rf2 Rh1+ 41.Bxh1 Rg4 42.Bxb7 Bd3 43.Bd5 f5
44.gxf6+ Bxf6 45.Rg2 Rf4 46.c6 e4 47.Nc5 Rf1+ 48.Kd2 Bg5+ 49.Rxg5 Rf2+ 50.Ke3  1-0

[Event "14th Dubai Open 2012"]
[Site "Dubai UAE"]
[Date "2012.04.23"]
[Round "9.10"]
[White "Negi,P"]
[Black "Grigoryan,K2"]
[Result "1/2-1/2"]
[WhiteElo "2639"]
[BlackElo "2510"]

1.e4 c5 2.Nf3 Nc6 3.d4 cxd4 4.Nxd4 g6 5.Nc3 Bg7 6.Be3 Nf6 7.Nb3 O-O 8.Be2 d6
9.O-O Be6 10.f4 Na5 11.f5 Bd7 12.e5 dxe5 13.fxg6 hxg6 14.Nxa5 Qxa5 15.Rxf6 exf6
16.Qxd7 Rad8 17.Qb5 Qxb5 18.Bxb5 a6 19.Ba4 b5 20.Bb3 f5 21.Nd5 Rd7 22.Bg5 Kh8
23.Rf1 e4 24.c3 Be5 25.Be7 Rb8 26.g4 Rbb7 27.Bg5 b4 28.Nxb4 f6 29.Nc6 Bxh2+
30.Kxh2 fxg5 31.gxf5 Rd2+ 32.Kg3 gxf5 33.Rxf5 Rxb2 34.Rxg5 Rc7 35.Bd5 Rc2
36.c4 Rxa2 37.Bxe4 Rg7 38.Bg6 a5 39.Nxa5 Rxa5 40.Rxa5 Rxg6+ 41.Kf4 Rc6 42.c5 Kg7
43.Ke5 Kf7 44.Kd5 Rh6 45.Ra7+ Ke8 46.c6 Kd8 47.Kc5 Rh1 48.Rg7 Kc8  1/2-1/2

[Event "Asian Continental 2012"]
[Site "Ho Chi Minh City VIE"]
[Date "2012.05.05"]
[Round "1.7"]
[White "Negi,P"]
[Black "Wan Yunguo"]
[Result "1-0"]
[WhiteElo "2640"]
[BlackElo "2456"]

1.e4 e6 2.d4 d5 3.e5 c5 4.c3 Nc6 5.Nf3 Bd7 6.Be2 Nge7 7.O-O Nf5 8.dxc5 Bxc5
9.Nbd2 O-O 10.Bd3 Nh4 11.Nxh4 Qxh4 12.Nf3 Qh5 13.Re1 f6 14.Be3 Bxe3 15.Rxe3 f5
16.c4 d4 17.Re1 Rfd8 18.a3 a5 19.c5 Be8 20.Nd2 Qg5 21.Nc4 Bh5 22.f3 Rab8
23.Nd6 Qf4 24.Qc1 Qxc1 25.Raxc1 Kf8 26.f4 Ke7 27.Rc4 g5 28.fxg5 Rg8 29.b4 axb4
30.axb4 b5 31.cxb6 Rxb6 32.b5 Nxe5 33.Nxf5+ exf5 34.Rxe5+ Re6 35.Rxf5 Bg6
36.Rc7+ Kd8 37.Rfc5 Rge8 38.Rc8+ Kd7 39.Rxe8 Rxe8 40.Bxg6 hxg6 41.Rd5+ Kc7
42.Rxd4 Re5 43.b6+ Kc6 44.h4  1-0

[Event "Asian Continental 2012"]
[Site "Ho Chi Minh City VIE"]
[Date "2012.05.06"]
[Round "2.2"]
[White "Gomez,Joh"]
[Black "Negi,P"]
[Result "1-0"]
[WhiteElo "2507"]
[BlackElo "2640"]

1.e4 e5 2.Nf3 Nc6 3.Bb5 a6 4.Ba4 Nf6 5.d3 d6 6.c3 g6 7.O-O Bg7 8.Re1 O-O
9.Nbd2 Re8 10.Bb3 Na5 11.Bc2 c5 12.b4 cxb4 13.cxb4 Nc6 14.a3 d5 15.Bb3 d4
16.Qc2 Be6 17.Bxe6 Rxe6 18.Nb3 Rc8 19.Nc5 Re7 20.Qb3 a5 21.Bd2 b6 22.Na6 axb4
23.axb4 Na7 24.b5 Qd7 25.Reb1 h6 26.Ne1 Re6 27.Ra2 Ne8 28.Nc2 Nd6 29.Na3 Qb7
30.Qa4 Ree8 31.Bb4 Bf8 32.Bxd6 Bxd6 33.Nc4 Bf8 34.Rba1 Rcd8 35.Nb4 Bxb4 36.Qxb4 Nc8
37.Ra6 Qc7 38.h3 Kg7 39.Ra8 h5 40.h4 Re6 41.g3 Rde8 42.R1a2 Rd8 43.Qa4 Nd6
44.Ra7 Qc5 45.Nxd6 Qc1+ 46.Kg2 Rdxd6 47.Rc2 Qe1 48.Qc4 Qd1 49.Qc8 Qxd3 50.Ra8 Qxe4+
51.f3 Qxa8 52.Qxa8 d3 53.Rd2 f5 54.Qc8 Kf7 55.Qc7+ Kf6 56.Ra2 f4 57.Ra8 Kf5
58.Rf8+ Rf6 59.Qc8+ Re6 60.Rxf6+ Kxf6 61.Qf8+  1-0

[Event "Asian Continental 2012"]
[Site "Ho Chi Minh City VIE"]
[Date "2012.05.07"]
[Round "3.18"]
[White "Negi,P"]
[Black "Nguyen Anh Dung"]
[Result "1-0"]
[WhiteElo "2640"]
[BlackElo "2440"]

1.e4 e5 2.Nf3 Nc6 3.Bb5 a6 4.Ba4 Nf6 5.O-O Be7 6.d3 d6 7.c3 O-O 8.Nbd2 Bd7
9.Re1 Re8 10.Bc2 Bf8 11.a4 d5 12.a5 dxe4 13.dxe4 Bc5 14.h3 h6 15.Nc4 Qe7
16.b4 Bd6 17.Nxd6 cxd6 18.Be3 Be6 19.Qd2 d5 20.Bc5 Qc7 21.exd5 Bxd5 22.Nh4 e4
23.Nf5 Ne5 24.Rad1 Re6 25.Qd4 Rae8 26.Ne3 Bc6 27.Bb3 Nd3 28.Bxe6 Rxe6 29.Re2 Kh7
30.Nf5 Qf4 31.Ng3 Qg5 32.Bd6 Qg6 33.Bc7 Nd5 34.Rxe4 Rxe4 35.Qxe4 Qxe4 36.Nxe4 Nxc7
37.Rxd3 Bxe4 38.Rd7 Nb5 39.c4 Na3 40.Rc7 Kg6 41.f3 Bd3 42.c5 Kf6 43.Rxb7 Bb5
44.c6 Ke6 45.c7 Kd7 46.c8=Q+ Kxc8 47.Rxf7 Nc2 48.Rxg7 Nxb4 49.Rh7 Nc6 50.Rxh6 Nxa5
51.Re6 Kd7 52.Re1 Nc4 53.h4 Nd6 54.h5 Nf7 55.g4 a5 56.f4 a4 57.g5 Bc4 58.h6 a3
59.h7 Nh8 60.f5  1-0

[Event "Asian Continental 2012"]
[Site "Ho Chi Minh City VIE"]
[Date "2012.05.08"]
[Round "4.6"]
[White "Gundavaa,B"]
[Black "Negi,P"]
[Result "0-1"]
[WhiteElo "2516"]
[BlackElo "2640"]

1.d4 d5 2.c4 c6 3.Nf3 Nf6 4.e3 Bf5 5.Nc3 e6 6.Nh4 Bg6 7.Nxg6 hxg6 8.Bd3 Nbd7
9.h3 Bd6 10.Bd2 Qe7 11.c5 Bc7 12.f4 g5 13.O-O gxf4 14.exf4 Nh5 15.Qf3 Qh4
16.Qf2 Ng3 17.Rfe1 Nf6 18.b4 O-O-O 19.b5 Nge4 20.Bxe4 Qxf2+ 21.Kxf2 dxe4
22.bxc6 bxc6 23.Ne2 Nd5 24.Rab1 f5 25.Rb3 g5 26.fxg5 f4 27.Bxf4 Nxf4 28.Nxf4 Bxf4
29.Rxe4 Bxg5 30.Rxe6 Rh6 31.Re4 Bf6 32.Rb4 Rh4 33.Ke3 Bg5+ 34.Kd3 Rxe4 35.Kxe4 Re8+
36.Kf5 Bd2 37.Rb3 Rf8+ 38.Ke5 Kc7 39.g4 Rf2 40.h4 Re2+ 41.Kf5 Rf2+ 42.Ke5 a5
43.h5 Bf4+ 44.Ke6 Rxa2 45.Rf3 Re2+ 46.Kf5 Be3 47.g5 Bxd4 48.h6 Rh2 49.Ra3 Bxc5
50.Rxa5 Bd4 51.Kg6 c5 52.Ra3 Bb2 53.Ra4 Kb6 54.Rg4 Kb5 55.Kh7 c4 56.Rg1 Bd4
57.Re1 Bc3 58.Rg1 Bd2 59.Kg8 Be3 60.Rg3 Bd4 61.h7 c3 62.Rf3 c2 63.Rf1 Kc4
64.g6 Rg2 65.Kf7 Kd3 66.Rf4 Bh8 67.Rf1 Kd2  0-1

[Event "Asian Continental 2012"]
[Site "Ho Chi Minh City VIE"]
[Date "2012.05.09"]
[Round "5.3"]
[White "Negi,P"]
[Black "Megaranto,S"]
[Result "1-0"]
[WhiteElo "2640"]
[BlackElo "2517"]

1.e4 Nf6 2.e5 Nd5 3.d4 d6 4.c4 Nb6 5.exd6 exd6 6.Nf3 Be7 7.Be2 O-O 8.O-O Bg4
9.h3 Bh5 10.Bf4 Nc6 11.Nbd2 Bf6 12.d5 Ne7 13.Qb3 Ng6 14.Be3 Bxf3 15.Nxf3 Re8
16.Qc2 Nd7 17.g3 Nc5 18.Rfe1 Qd7 19.Bf1 a5 20.Rad1 Re7 21.Bd2 b6 22.Rxe7 Qxe7
23.h4 Qd7 24.Ng5 Bxg5 25.hxg5 Re8 26.f3 Qd8 27.Qf5 Ne5 28.Kg2 Qd7 29.Qxd7 Nexd7
30.Bc3 Nb8 31.Kf2 Nba6 32.a3 Na4 33.Bd4 N4c5 34.Bc3 Na4 35.Bd4 N4c5 36.Bh3 g6
37.Bc3 a4 38.Rd2 Kf8 39.Bf6 Nb3 40.Re2 Rxe2+ 41.Kxe2 Nbc5 42.Kd2 Ke8 43.Bc8 Nb8
44.Kc3 Nba6 45.Bd4 Kd8 46.Bh3 Nd7 47.Bf1 Ndc5 48.Be2 Nb3 49.Be3 Na5 50.Bd1 Nc5
51.Bc2 c6 52.f4 Kc7 53.Bxc5 dxc5 54.dxc6 Nxc6 55.Bxa4 Nd8 56.Kd3 Nb7 57.b4 Nd6
58.Bd1 Kd7 59.Bf3 Kc7 60.Bd5 Kd7 61.g4 Kc7 62.Kc3 Kb8 63.Kd2 Kc7 64.Kc2 Kb8
65.Kd3 Kc7 66.Ke3 Kd7 67.Ke2 Ke7 68.Ke3 Kd7 69.Kf3 Ke7 70.bxc5 bxc5 71.a4 Kd7
72.f5 gxf5 73.gxf5 Nxf5 74.Bxf7 Nd6 75.Bg8 Ke7 76.a5 Kf8 77.a6  1-0

[Event "Asian Continental 2012"]
[Site "Ho Chi Minh City VIE"]
[Date "2012.05.10"]
[Round "6.1"]
[White "Yu Yangyi"]
[Black "Negi,P"]
[Result "0-1"]
[WhiteElo "2626"]
[BlackElo "2640"]

1.e4 c5 2.Nf3 d6 3.d4 cxd4 4.Nxd4 Nf6 5.Nc3 a6 6.Bg5 e6 7.f4 Nbd7 8.Qe2 Qc7
9.O-O-O b5 10.a3 Be7 11.g4 Rb8 12.Bg2 h6 13.Bh4 b4 14.axb4 Rxb4 15.Bf2 g5
16.fxg5 Nxg4 17.Qxg4 Bxg5+ 18.Kb1 Qxc3 19.Nb3 Qc7 20.Be1 Rc4 21.Ba5 Qb8 22.Qg3 e5
23.h4 Bf4 24.Qg7 Rf8 25.Bd2 Bxd2 26.Rxd2 Nc5 27.Rhd1 Nb7 28.Na5 Rc7 29.Rxd6 Nxd6
30.Rxd6 Be6 31.Qxe5 Qc8 32.Bh3 Rc5 33.Qf6 Rg8 34.Nb7 Rg1+ 35.Bf1 Rxf1+ 36.Qxf1 Qxb7
37.Qf6 Rc8 38.Rd4 Qc6 39.c4 Qb6 40.Rd1 Qb3 41.Rd4 Qb4 42.Qh8+ Ke7 43.Qxh6 Rxc4
44.Rd1 Rc6 45.Qe3 Qc4 46.Rd5 Ke8 47.b3 Qc2+ 48.Ka1 Qc1+ 49.Qxc1 Rxc1+ 50.Kb2 Bxd5
51.Kxc1 Bxe4  0-1

[Event "Asian Continental 2012"]
[Site "Ho Chi Minh City VIE"]
[Date "2012.05.12"]
[Round "8.1"]
[White "Negi,P"]
[Black "Barbosa,O PHI"]
[Result "1-0"]
[WhiteElo "2640"]
[BlackElo "2550"]

1.e4 c6 2.d4 d5 3.e5 Bf5 4.Nf3 e6 5.Be2 Nd7 6.O-O Ne7 7.c3 a6 8.Nbd2 Nc8
9.Ne1 Bg6 10.Bd3 c5 11.Qg4 Qb6 12.Ndf3 cxd4 13.cxd4 Ne7 14.Bxg6 Nxg6 15.Nd3 Nb8
16.Be3 Nc6 17.Rac1 Be7 18.Rc3 Rc8 19.Rfc1 h6 20.h4 h5 21.Qg3 Qd8 22.Ng5 Qd7
23.Qf3 Bxg5 24.Bxg5 Rc7 25.b4 Nge7 26.Bxe7 Qxe7 27.Qg3 g6 28.a4 Qd8 29.Qf4 Rc8
30.Nc5 Qe7 31.b5 axb5 32.axb5 Na7 33.Ne4 O-O 34.Nf6+ Kg7 35.Qg5 Rxc3 36.Nxh5+ Kh7
37.Nf6+ Kg7 38.Rxc3 Rh8 39.h5 Nxb5 40.h6+ Rxh6 41.Rc8  1-0

[Event "Asian Nations Chess Cup"]
[Site "Zaozhuang CHN"]
[Date "2012.05.18"]
[Round "2.3"]
[White "Negi,P"]
[Black "Chan Yi Ren,D"]
[Result "1-0"]
[WhiteElo "2640"]
[BlackElo "2333"]

1.e4 e5 2.Nf3 Nc6 3.Bb5 Nge7 4.Nc3 Ng6 5.d4 exd4 6.Nxd4 Bc5 7.Be3 Bxd4 8.Bxd4 Nxd4
9.Qxd4 a6 10.Be2 O-O 11.O-O-O d6 12.Kb1 f5 13.exf5 Bxf5 14.g3 Kh8 15.f4 Qd7
16.h4 h6 17.Bf3 Bg4 18.Bxg4 Qxg4 19.Qe4 Rfb8 20.Nd5 Re8 21.Qd3 Rac8 22.Rhe1 c6
23.Nb6 Rcd8 24.Nc4 d5 25.Na5 Rb8 26.a3 Ne7 27.Re5 b6 28.Rde1 bxa5 29.Rxe7 Rxe7
30.Rxe7 Qh3 31.Ka2 Qc8 32.f5 Qf8 33.Re6 Qc8 34.Qc3 c5 35.Qe5 d4 36.Rxh6+ Kg8
37.Qd5+  1-0

[Event "Asian Nations Chess Cup"]
[Site "Zaozhuang CHN"]
[Date "2012.05.19"]
[Round "3.3"]
[White "Ding Liren"]
[Black "Negi,P"]
[Result "1-0"]
[WhiteElo "2679"]
[BlackElo "2640"]

1.Nf3 d5 2.d4 Nf6 3.c4 c6 4.Nc3 e6 5.Bg5 h6 6.Bh4 dxc4 7.e4 g5 8.Bg3 b5 9.Ne5 Bb7
10.Qf3 h5 11.h3 Nbd7 12.Rd1 Qe7 13.Be2 g4 14.Qe3 Bh6 15.f4 Nxe5 16.dxe5 Nd7
17.hxg4 hxg4 18.Rh5 Qc5 19.Qxc5 Nxc5 20.Bf2 Nd7 21.Bxg4 O-O-O 22.g3 a6 23.Ke2 Rdg8
24.Rdh1 Rxg4 25.Rxh6 Rhg8 26.Rh7 R4g7 27.Kf3 c5 28.Rxg7 Rxg7 29.g4 f5 30.exf6 Nxf6
31.g5 Nd7 32.Rh6 e5 33.g6 b4 34.Nd5 Bxd5 35.exd5 exf4 36.Kxf4 c3 37.bxc3 bxc3
38.Ke3 Ne5 39.Rh8+ Kd7 40.Rh7 Rxh7 41.gxh7 Nf7 42.Bg3 c4 43.Ke2 Ke7 44.Be5  1-0

[Event "Asian Nations Chess Cup"]
[Site "Zaozhuang CHN"]
[Date "2012.05.20"]
[Round "4.3"]
[White "Negi,P"]
[Black "Darini,P"]
[Result "1-0"]
[WhiteElo "2640"]
[BlackElo "2491"]

1.e4 c5 2.Nf3 d6 3.d4 cxd4 4.Nxd4 Nf6 5.Nc3 a6 6.Be3 e5 7.Nf3 Be7 8.Bc4 O-O
9.O-O Qc7 10.b3 Nbd7 11.a4 Nb6 12.Bxb6 Qxb6 13.Nd5 Nxd5 14.Bxd5 Rb8 15.a5 Qc5
16.Qd2 Kh8 17.b4 Qc7 18.c4 f5 19.exf5 Bxf5 20.Rfe1 Bg6 21.Rac1 b6 22.b5 bxa5
23.bxa6 Qb6 24.Bb7 h6 25.c5 dxc5 26.Ra1 c4 27.Qxa5 Qa7 28.Nxe5 Bd3 29.Kh1 Rxb7
30.axb7 Qxb7 31.Nxd3 cxd3 32.Rab1 Qd7 33.Qb5 Qd6 34.Rbd1 Rd8 35.h3 Bg5 36.Re8+  1-0

[Event "Asian Nations Chess Cup"]
[Site "Zaozhuang CHN"]
[Date "2012.05.22"]
[Round "5.3"]
[White "Negi,P"]
[Black "Khusnutdinov,R"]
[Result "1-0"]
[WhiteElo "2640"]
[BlackElo "2509"]

1.e4 c5 2.Nf3 d6 3.d4 cxd4 4.Nxd4 Nf6 5.Nc3 g6 6.Be2 Bg7 7.O-O O-O 8.Be3 Nc6
9.Nb3 a6 10.f4 b5 11.Bf3 Bb7 12.Qe1 Qc8 13.a4 Nd7 14.Rd1 Re8 15.Bg4 f5 16.exf5 Nf6
17.Bh3 gxf5 18.axb5 axb5 19.Nxb5 Ba6 20.c4 Rb8 21.Qe2 h5 22.N3d4 Ng4 23.Bxg4 hxg4
24.b3 Nxd4 25.Nxd4 Bxd4 26.Bxd4 Rxb3 27.Qf2 g3 28.Qe2 gxh2+ 29.Kh1 Rg3 30.Rf3 Rg4
31.Rh3 e5 32.fxe5 Qe6 33.Re1 Bxc4 34.Qd2 Qg6 35.Ba1 f4 36.exd6 Rxe1+ 37.Qxe1 Qe6
38.Rh8+ Kf7 39.Rh7+ Kf8 40.Qb4 Kg8 41.Rh8+ Kf7 42.Qb7+ Kg6 43.Qh7+  1-0